000 00685nam a2200169 a 4500
008 120416s1982 ||||||||||||||||| || u
050 _aRC 480.5 Bra
100 _aBramner, Lawrence M
245 1 0 _aTherapeutic psychology: fundamentals of counselli and psychotherapy. (4th ed.)
250 _a4th ed.
260 _aEnglewood Cliffs, N.J.:
_bFT Prentice-Hall
_c[1982]
300 _axii, 466p. : ill.
350 _a0.00
650 _aPSYCHOTHERAPY--HANDBOOKS, MANUALS, ETC
650 _aPSYCHOTHERAPY--METHODS
995 _D0.00
_FCBU-MAIN LIBRARY (Kitwe)
_H1
_I10.00
_M1
_UAVAILABLE
_WApr 19, 2007
_ZMain Library Open Access Collection
999 _c59803
_d59803